000 01077naa a2200277 c 4500
001 50226
999 _c50226
_d50226
003 ES-MaCES
005 20171116135542.0
008 171116s2017 sz ||||| t||||||| ||spa d
040 _aES-MaCES
_bspa
_cES-MaCES
_dES-MaCES
100 1 _915129
_aIgartua Miró, María Teresa
245 1 0 _aCambios en el mundo del trabajo y nuevos modelos de Seguridad y Salud
_cMaría Teresa Igartua Miró
500 _aResumen
504 _aBibliografía: p. 307-309
650 4 _928292
_amercado de trabajo
650 4 _928369
_arelaciones laborales
650 4 _930042
_acambio estructural
650 4 _929924
_aderechos de los trabajadores
650 4 _928347
_asalud en el trabajo
650 4 _929076
_aprotección social
650 4 _927034
_aseguridad social
653 1 0 _aSeguridad Social
773 0 _986614
_dBern [etc.] Peter Lang [2017]
_o089511
_tLos actuales cambios sociales y laborales : nuevos retos para el mundo del trabajo
_w(ES-MaCES)50005
_z9783034328401
_gp. 277-309. - SG-2.0.-408
902 _aARL Artículo de libro
942 _2CES
_cAR
_h3.0.